000
00297nam a22001337a 4500
008
181105b xxu||||| |||| 00| 0 eng d
020
_a
9781591940814
041
_a
eng
080
_a
371
100
_a
46
101
_a
EDU
245
_a
Ten Steps to Adanced Reading
_c
Langan,J
942
_2
udc
_c
BK
999
_c
51828
_d
51828